Corporate strategy / (Record no. 1134)

MARC details
000 -LEADER
fixed length control field 00879cam a22002775a 4500
005 - DATE AND TIME OF LATEST TRANSACTION
control field 20150827141342.0
008 - FIXED-LENGTH DATA ELEMENTS--GENERAL INFORMATION
fixed length control field 150827t2003 enka|||frb||| 001 0 eng d
020 ## - INTERNATIONAL STANDARD BOOK NUMBER
International Standard Book Number 0273658549 (pbk.)
020 ## - INTERNATIONAL STANDARD BOOK NUMBER
International Standard Book Number 9780273658542
040 ## - CATALOGING SOURCE
Original cataloging agency EG-ScBUE
Language of cataloging eng
Transcribing agency EG-ScBUE
082 04 - DEWEY DECIMAL CLASSIFICATION NUMBER
Classification number 658.4012
Item number LYN
Edition number 22
100 1# - MAIN ENTRY--PERSONAL NAME
Personal name Lynch, Richard L.
245 10 - TITLE STATEMENT
Title Corporate strategy /
Statement of responsibility, etc Richard Lynch.
246 ## - VARYING FORM OF TITLE
Title proper/short title 3rd ed.
260 ## - PUBLICATION, DISTRIBUTION, ETC. (IMPRINT)
Place of publication, distribution, etc Harlow :
Name of publisher, distributor, etc Financial Times Prentice Hall,
Date of publication, distribution, etc c.2003.
300 ## - PHYSICAL DESCRIPTION
Extent xxxi, 834 p. :
Other physical details ill. (some col.) ;
Dimensions 25 cm.
500 ## - GENERAL NOTE
General note Previous ed.: Harlow : Financial Times, 2000.
500 ## - GENERAL NOTE
General note Includes indexes.
504 ## - BIBLIOGRAPHY, ETC. NOTE
Bibliography, etc Includes bibliographical references.
590 ## - LOCAL NOTE (RLIN)
Local note doaa mohamed
650 ## - SUBJECT ADDED ENTRY--TOPICAL TERM
Topical term or geographic name as entry element Business planning.
Source of heading or term BUEsh
650 ## - SUBJECT ADDED ENTRY--TOPICAL TERM
Topical term or geographic name as entry element Strategic planning.
Source of heading or term BUEsh
651 ## - SUBJECT ADDED ENTRY--GEOGRAPHIC NAME
Source of heading or term BUEsh
653 ## - INDEX TERM--UNCONTROLLED
Resource For college BAEPS, Business Administration
Arrived date list August2015
942 ## - ADDED ENTRY ELEMENTS (KOHA)
Item type Book - Borrowing
Call number prefix 658.4012 LYN
Source of classification or shelving scheme Dewey Decimal Classification
Holdings
Withdrawn status Item status Damaged status Not for loan Home library Current library Shelving location Date acquired Source of acquisition Total Checkouts Full call number Barcode Date last seen Koha item type Source of classification or shelving scheme
        Central Library Central Library First floor 22/08/2006 Purchase 1 658.4012 LYN 000003360 15/07/2025 Book - Borrowing  
        Central Library Central Library First floor 27/08/2015 Purchase   658.4012 LYN 000010601 15/07/2025 Book - Borrowing Dewey Decimal Classification